[Event "Sparkassen-Open A"]
[Site "Heusenstamm, Martinsee"]
[Date "2021.11.19"]
[Round "2.14"]
[White "Suvorov, Luca"]
[Black "Ohler, Julius"]
[Result "1-0"]
[WhiteElo "2280"]
[BlackElo "2006"]
[PlyCount "101"]
[EventDate "2021.??.??"]
[WhiteTeam "SG Porz"]
[BlackTeam "SC ML Kastellaun"]

{[%evp 0,13,17,17,17,6,14,-3,-4,28,26,12,-7,4,22,11]} 1. d4 {[%emt 0:06:26]}
Nf6 {[%emt 0:01:03]} 2. c4 {[%emt 0:00:16]} e6 {[%emt 0:00:15]} 3. Nc3 {
[%emt 0:00:09]} Bb4 {[%emt 0:00:04]} 4. e3 {[%emt 0:00:08]} O-O {[%emt 0:00:09]
} 5. Nge2 {[%emt 0:00:26]} d5 {[%emt 0:00:40]} 6. a3 {[%emt 0:00:04]} Be7 {
[%emt 0:00:17]} 7. cxd5 {[%emt 0:00:22]} exd5 {[%emt 0:00:12]} 8. Nf4 {[%emt 0:
00:03]} c6 {[%emt 0:00:15]} 9. Bd3 {[%emt 0:00:24]} Re8 {[%emt 0:01:49]} 10.
O-O {[%emt 0:00:11]} Nbd7 {[%emt 0:02:54]} 11. f3 {[%emt 0:04:53]} Nf8 {
[%emt 0:02:05]} 12. b4 {[%emt 0:19:35]} Ne6 {[%emt 0:06:57]} 13. Nxe6 {[%emt 0:
13:41]} Bxe6 {[%emt 0:00:08]} 14. Bd2 {[%emt 0:11:46]} Qd7 {[%emt 0:14:18]} 15.
Qb1 {[%emt 0:08:58]} g6 {[%emt 0:07:16]} 16. Rc1 {[%emt 0:05:02]} b6 {[%emt 0:
14:58]} 17. a4 {[%emt 0:05:02]} Rab8 {[%emt 0:01:22]} 18. Ne2 {[%emt 0:01:11]}
Bf8 {[%emt 0:08:28]} 19. Nf4 {[%emt 0:03:00]} Rec8 {[%emt 0:02:20]} 20. Nxe6 {
[%emt 0:05:16]} Qxe6 {[%emt 0:00:18]} 21. Ba6 {[%emt 0:00:48]} Rd8 {[%emt 0:01:
02]} 22. Qd3 {[%emt 0:04:45]} Bh6 {[%emt 0:04:52]} 23. Ra3 {[%emt 0:01:37]} Rd6
{[%emt 0:00:54]} 24. Qb1 {[%emt 0:02:17]} Re8 {[%emt 0:00:45]} 25. Bf1 {
[%emt 0:00:45]} Nd7 {[%emt 0:02:40]} 26. Rac3 {[%emt 0:01:41]} a5 {[%emt 0:04:
43]} 27. bxa5 {[%emt 0:00:56]} c5 {[%emt 0:00:03]} 28. dxc5 {[%emt 0:01:04]}
bxc5 {[%emt 0:01:06]} 29. Ra3 {[%emt 0:01:02]} d4 {[%emt 0:00:25]} 30. f4 {
[%emt 0:00:24]} Rb8 {[%emt 0:02:33]} 31. Bb5 {[%emt 0:00:10]} Qf6 {[%emt 0:01:
08]} 32. Kh1 {[%emt 0:01:27]} Qh4 {[%emt 0:03:18]} 33. Rf1 {[%emt 0:00:28]} g5
{[%emt 0:01:59]} 34. exd4 {[%emt 0:00:25]} gxf4 {[%emt 0:00:22]} 35. Qf5 {
[%emt 0:00:37]} Nf6 {[%emt 0:01:58]} 36. Rh3 {[%emt 0:00:33]} Qg5 {[%emt 0:00:
37]} 37. Qxg5+ {[%emt 0:00:17]} Bxg5 {[%emt 0:00:05]} 38. Bxf4 {[%emt 0:00:19]}
Bxf4 {[%emt 0:00:41]} 39. Rxf4 cxd4 {[%emt 0:00:44]} 40. Rd3 {[%emt 0:00:34]}
Rc8 {[%emt 0:00:21]} 41. h3 {[%emt 0:01:01]} Ra8 {[%emt 0:02:38]} 42. a6 {
[%emt 0:01:40]} Nd7 {[%emt 0:00:23]} 43. Rfxd4 {[%emt 0:00:50]} Rxd4 {[%emt 0:
00:08]} 44. Rxd4 {[%emt 0:00:09]} Nc5 {[%emt 0:00:04]} 45. Rd6 {[%emt 0:00:34]}
Ra7 {[%emt 0:00:16]} 46. Rc6 {[%emt 0:01:00]} Nb3 {[%emt 0:00:04]} 47. Rc3 {
[%emt 0:01:45]} Nd4 {[%emt 0:00:08]} 48. Rc8+ {[%emt 0:00:47]} Kg7 {[%emt 0:00:
03]} 49. Rb8 {[%emt 0:01:21]} Ne6 {[%emt 0:00:13]} 50. Rb7 {[%emt 0:00:25]} Ra8
51. Bc4 {[%emt 0:01:00]} 1-0

[Event "Sparkassen-Open A"]
[Site "Heusenstamm, Martinsee"]
[Date "2021.11.19"]
[Round "2.15"]
[White "Waffenschmidt, Joachim"]
[Black "Hahn, Markus"]
[Result "0-1"]
[WhiteElo "2026"]
[BlackElo "2264"]
[PlyCount "108"]
[EventDate "2021.??.??"]
[WhiteTeam "SV Hofheim"]
[BlackTeam "SVG Caissa Kassel"]

{[%evp 0,8,17,17,25,6,-3,7,26,-11,7]} 1. d4 {[%emt 0:00:16]} Nf6 {[%emt 0:04:
33]} 2. c4 {[%emt 0:00:17]} e6 {[%emt 0:00:10]} 3. Nc3 {[%emt 0:00:33]} Bb4 {
[%emt 0:00:07]} 4. Qc2 {[%emt 0:00:38]} O-O 5. a3 {[%emt 0:00:09]} Bxc3+ {
[%emt 0:00:09]} 6. Qxc3 {[%emt 0:00:04]} b5 {[%emt 0:00:05]} 7. cxb5 {[%emt 0:
01:18]} c6 {[%emt 0:00:03]} 8. Bg5 {[%emt 0:00:03]} cxb5 {[%emt 0:00:50]} 9.
Nf3 {[%emt 0:02:56]} Bb7 {[%emt 0:03:06]} 10. e3 {[%emt 0:00:12]} a6 {[%emt 0:
00:35]} 11. Be2 {[%emt 0:11:41]} Nc6 {[%emt 0:08:34]} 12. O-O {[%emt 0:02:58]}
Rc8 {[%emt 0:20:30]} 13. Qd3 {[%emt 0:00:40]} Na5 {[%emt 0:13:47]} 14. Bxf6 {
[%emt 0:08:49]} Qxf6 {[%emt 0:00:46]} 15. a4 {[%emt 0:00:07]} b4 {[%emt 0:05:
48]} 16. Rac1 {[%emt 0:06:09]} Qe7 {[%emt 0:09:57]} 17. Nd2 {[%emt 0:03:48]} f5
{[%emt 0:07:09]} 18. Bf3 {[%emt 0:04:39]} d5 {[%emt 0:15:01]} 19. Nb3 {[%emt 0:
30:41]} Nxb3 {[%emt 0:05:23]} 20. Qxb3 {[%emt 0:00:11]} a5 21. Be2 {[%emt 0:00:
19]} Rc7 {[%emt 0:01:44]} 22. Qd3 Rfc8 {[%emt 0:00:23]} 23. Qd2 {[%emt 0:00:03]
} Qd6 {[%emt 0:00:33]} 24. g3 {[%emt 0:01:44]} Ba6 {[%emt 0:01:10]} 25. Bxa6 {
[%emt 0:00:19]} Qxa6 {[%emt 0:00:38]} 26. Rxc7 Rxc7 27. Rc1 {[%emt 0:00:03]}
Qc8 {[%emt 0:00:46]} 28. Rxc7 {[%emt 0:01:40]} Qxc7 {[%emt 0:00:07]} 29. Kg2 {
[%emt 0:01:34]} Qc4 {[%emt 0:00:36]} 30. h3 {[%emt 0:00:37]} Kf7 {[%emt 0:01:
36]} 31. g4 {[%emt 0:00:10]} g6 {[%emt 0:00:39]} 32. f3 {[%emt 0:06:44]} Ke7 {
[%emt 0:00:28]} 33. h4 {[%emt 0:00:46]} Kd7 {[%emt 0:00:33]} 34. Kg3 {[%emt 0:
01:19]} Qc7+ {[%emt 0:00:07]} 35. Kg2 {[%emt 0:00:56]} Qc6 {[%emt 0:00:21]} 36.
Qd1 {[%emt 0:02:25]} Qc4 {[%emt 0:00:35]} 37. Kg3 {[%emt 0:00:05]} b3 {[%emt 0:
00:44]} 38. gxf5 {[%emt 0:01:06]} gxf5 {[%emt 0:00:55]} 39. Qa1 {[%emt 0:07:26]
} Qb4 {[%emt 0:00:39]} 40. Qc1 {[%emt 0:01:23]} Qc4 {[%emt 0:00:46]} 41. Qa1 {
[%emt 0:04:18]} Qe2 {[%emt 0:19:34]} 42. Qc1 {[%emt 0:04:39]} Qc2 {[%emt 0:00:
58]} 43. Qf1 {[%emt 0:00:19]} Qc7+ {[%emt 0:02:10]} 44. Kh3 {[%emt 0:06:32]}
Qc4 {[%emt 0:00:34]} 45. Qg2 {[%emt 0:00:07]} Qxa4 {[%emt 0:00:40]} 46. Qg7+ {
[%emt 0:00:07]} Kc8 {[%emt 0:02:24]} 47. Qg8+ {[%emt 0:01:56]} Kc7 {[%emt 0:00:
30]} 48. Qxe6 {[%emt 0:00:25]} Qd7 {[%emt 0:00:10]} 49. Qe5+ {[%emt 0:02:05]}
Kb7 {[%emt 0:00:33]} 50. Qh8 {[%emt 0:06:56]} f4+ {[%emt 0:00:38]} 51. Kg2 fxe3
{[%emt 0:00:13]} 52. Qf8 {[%emt 0:01:10]} Qc7 {[%emt 0:04:39]} 53. Qg8 {
[%emt 0:01:46]} Qc2+ {[%emt 0:00:38]} 54. Kh3 {[%emt 0:00:07]} Qc8+ {[%emt 0:
00:40]} 0-1

[Event "Sparkassen-Open A"]
[Site "Heusenstamm, Martinsee"]
[Date "2021.11.19"]
[Round "2.16"]
[White "Kersten, Uwe"]
[Black "Woestmann, Ulrich"]
[Result "1-0"]
[WhiteElo "2254"]
[BlackElo "2000"]
[PlyCount "113"]
[EventDate "2021.??.??"]
[WhiteTeam "Sfr. Bad Emstal/Wolfhagen"]
[BlackTeam "SV Ahlen"]

{[%evp 0,12,19,21,45,45,93,47,38,40,47,32,35,19,28]} 1. e4 {[%emt 0:03:10]} c5
{[%emt 0:00:07]} 2. Nf3 {[%emt 0:00:44]} d6 {[%emt 0:00:17]} 3. Bb5+ {[%emt 0:
01:48]} Bd7 {[%emt 0:00:10]} 4. Bxd7+ {[%emt 0:00:17]} Qxd7 {[%emt 0:00:26]} 5.
c4 {[%emt 0:00:20]} g6 {[%emt 0:05:51]} 6. d4 {[%emt 0:00:27]} Bg7 {[%emt 0:03:
06]} 7. d5 {[%emt 0:07:36]} b5 {[%emt 0:23:21]} 8. cxb5 {[%emt 0:08:23]} Qxb5 {
[%emt 0:00:10]} 9. Na3 {[%emt 0:02:14]} Qb4+ {[%emt 0:06:49]} 10. Nd2 {[%emt 0:
01:07]} Nd7 {[%emt 0:01:20]} 11. O-O {[%emt 0:02:41]} Ngf6 {[%emt 0:06:04]} 12.
Qe2 {[%emt 0:13:29]} O-O {[%emt 0:05:46]} 13. Ndc4 {[%emt 0:02:03]} Nb6 {
[%emt 0:09:26]} 14. Bg5 {[%emt 0:05:27]} Rfe8 {[%emt 0:03:12]} 15. Qc2 {
[%emt 0:03:18]} Nxc4 {[%emt 0:01:17]} 16. Nxc4 {[%emt 0:00:12]} Nd7 {[%emt 0:
00:37]} 17. Bd2 {[%emt 0:03:31]} Qb5 {[%emt 0:05:22]} 18. Rab1 {[%emt 0:01:35]}
Nb6 {[%emt 0:02:32]} 19. b3 {[%emt 0:01:09]} Qd7 {[%emt 0:02:56]} 20. Ne3 {
[%emt 0:06:22]} Rac8 {[%emt 0:02:23]} 21. Rfd1 {[%emt 0:07:07]} e6 {[%emt 0:03:
38]} 22. Ba5 {[%emt 0:01:39]} Bd4 {[%emt 0:01:28]} 23. dxe6 {[%emt 0:06:11]}
fxe6 {[%emt 0:00:21]} 24. Qd3 {[%emt 0:05:20]} Rf8 {[%emt 0:02:32]} 25. Bc3 {
[%emt 0:01:16]} e5 {[%emt 0:00:40]} 26. Ba5 {[%emt 0:01:07]} Qf7 {[%emt 0:01:
25]} 27. Rf1 {[%emt 0:02:25]} Nd7 {[%emt 0:00:42]} 28. Nc4 {[%emt 0:03:25]} Rc6
{[%emt 0:03:25]} 29. Bd2 {[%emt 0:02:10]} d5 {[%emt 0:02:20]} 30. exd5 {
[%emt 0:01:48]} Qxd5 {[%emt 0:00:19]} 31. Ne3 {[%emt 0:00:16]} Qf7 {[%emt 0:03:
46]} 32. Ng4 {[%emt 0:02:13]} Qd5 {[%emt 0:03:23]} 33. Bh6 {[%emt 0:02:48]} Rf7
{[%emt 0:00:14]} 34. Ne3 {[%emt 0:00:25]} Qe6 {[%emt 0:01:13]} 35. Rbe1 {
[%emt 0:00:27]} Nf6 {[%emt 0:01:20]} 36. h3 {[%emt 0:00:48]} Nd5 {[%emt 0:01:
00]} 37. Ng4 {[%emt 0:00:28]} Nf6 {[%emt 0:00:58]} 38. Nxf6+ {[%emt 0:00:36]}
Qxf6 {[%emt 0:00:06]} 39. Qd2 {[%emt 0:01:01]} Qf5 {[%emt 0:01:14]} 40. Kh1 {
[%emt 0:00:11]} Re6 {[%emt 0:00:53]} 41. Be3 {[%emt 0:09:11]} Ref6 {[%emt 0:04:
59]} 42. Rc1 {[%emt 0:06:24]} Qe4 {[%emt 0:01:09]} 43. Kg1 {[%emt 0:04:23]} Rd6
{[%emt 0:04:02]} 44. Rc4 {[%emt 0:05:04]} Ra6 {[%emt 0:03:31]} 45. Re1 {
[%emt 0:01:17]} Qf5 {[%emt 0:01:57]} 46. Qc2 {[%emt 0:01:16]} Qf6 {[%emt 0:01:
47]} 47. Re2 {[%emt 0:02:08]} Re6 {[%emt 0:01:10]} 48. Qe4 {[%emt 0:01:00]} Qf5
{[%emt 0:01:35]} 49. Qxf5 {[%emt 0:01:38]} Rxf5 {[%emt 0:00:57]} 50. Bxd4 {
[%emt 0:00:09]} cxd4 {[%emt 0:00:08]} 51. Rxd4 {[%emt 0:00:46]} exd4 {[%emt 0:
04:44]} 52. Rxe6 {[%emt 0:00:16]} Rd5 {[%emt 0:00:07]} 53. Kf1 {[%emt 0:00:38]}
Kf7 {[%emt 0:00:24]} 54. Ra6 {[%emt 0:02:25]} Rd7 {[%emt 0:00:03]} 55. Ke2 {
[%emt 0:00:12]} d3+ {[%emt 0:00:37]} 56. Kd2 Kg7 {[%emt 0:00:06]} 57. Rc6 {
[%emt 0:00:44]} 1-0

[Event "Sparkassen-Open A"]
[Site "Heusenstamm, Martinsee"]
[Date "2021.11.19"]
[Round "2.17"]
[White "Junker, Christian"]
[Black "Neukirchner, Pascal"]
[Result "0-1"]
[WhiteElo "2019"]
[BlackElo "2230"]
[PlyCount "106"]
[EventDate "2021.??.??"]
[WhiteTeam "SV Neu-Isenburg"]
[BlackTeam "SK Gründau"]

1. Nf3 d5 2. g3 Nc6 3. d3 e5 4. Bg2 f6 5. O-O Be6 6. Nbd2 Qd7 7. Re1 O-O-O 8.
e4 d4 9. h4 h5 10. Nf1 Nh6 11. a3 Nf7 12. N1h2 Bd6 13. b4 Rdg8 14. b5 Ne7 15.
c4 g5 16. c5 Bxc5 17. Qc2 Qxb5 18. hxg5 fxg5 19. a4 Qc6 20. Bd2 Bd6 21. Qb2 Qb6
22. Qc1 Qc6 23. Qb2 h4 24. a5 hxg3 25. fxg3 Qa6 26. Rab1 g4 27. Nh4 Nd8 28. Nf5
Nxf5 29. exf5 Bxf5 30. Bb4 Bxd3 31. Bxd6 cxd6 32. Rbc1+ Kb8 33. Bd5 Rg7 34. Qa3
Rgh7 35. Nxg4 Rg7 36. Nf6 Rxg3+ 37. Kf2 Rg7 38. Rg1 Rh2+ 39. Bg2 Rf7 40. Kg3
Rh6 41. Bh3 Rg7+ 42. Kh2 Bf5 43. Rxg7 Rxh3+ 44. Qxh3 Bxh3 45. Kxh3 Nc6 46. Nd7+
Kc8 47. Rcg1 Qd3+ 48. Kh2 Qf5 49. Nb6+ axb6 50. axb6 Qh5+ 51. Kg2 e4 52. Kf2
e3+ 53. Ke1 Qa5+ 0-1

[Event "Sparkassen-Open A"]
[Site "Heusenstamm, Martinsee"]
[Date "2021.11.19"]
[Round "2.18"]
[White "Asadzade, Idris"]
[Black "Kirchner, Markus"]
[Result "1-0"]
[WhiteElo "2228"]
[BlackElo "1995"]
[PlyCount "55"]
[EventDate "2021.??.??"]
[WhiteTeam "SG Solingen"]
[BlackTeam "SF Schöneck"]

1. c4 f5 2. g3 Nf6 3. Bg2 g6 4. Nc3 Bg7 5. d3 d6 6. e4 Nc6 7. Nge2 e5 8. O-O
O-O 9. Nd5 Ne7 10. h3 c6 11. Nxe7+ Qxe7 12. Be3 Be6 13. exf5 gxf5 14. f4 Nd7
15. Qd2 Rfe8 16. Rae1 e4 17. Nd4 d5 18. g4 Bxd4 19. Bxd4 c5 20. cxd5 cxd4 21.
dxe6 Qxe6 22. gxf5 e3 23. fxe6 exd2 24. Rd1 Nf6 25. f5 Re7 26. Rxd2 Rc8 27. Rf4
Rc5 28. Rdf2 1-0

[Event "Sparkassen-Open A"]
[Site "Heusenstamm, Martinsee"]
[Date "2021.11.19"]
[Round "2.19"]
[White "Foerster-Yialamas, Lucas"]
[Black "Hommer, Jeremy"]
[Result "0-1"]
[WhiteElo "2002"]
[BlackElo "2171"]
[PlyCount "76"]
[EventDate "2021.??.??"]
[WhiteTeam "Frankfurter TV"]
[BlackTeam "Hamburger SK"]

1. e4 c6 2. d4 d5 3. e5 Bf5 4. h4 h5 5. Bd3 Bxd3 6. Qxd3 Qa5+ 7. Nd2 e6 8. Ngf3
Qa6 9. c4 Nh6 10. Qc3 dxc4 11. Nxc4 Nf5 12. Ne3 Nxe3 13. fxe3 Nd7 14. a3 Nb6
15. Rf1 Be7 16. e4 c5 17. Bg5 cxd4 18. Nxd4 Bxg5 19. hxg5 O-O 20. Rh1 g6 21. b3
Rac8 22. Qd2 Nd7 23. g4 Nxe5 24. gxh5 Rfd8 25. hxg6 Nxg6 26. Qe3 Qa5+ 27. b4
Qe5 28. Rd1 Rc4 29. Ne2 Rxd1+ 30. Kxd1 Rxe4 31. Qd2 Kg7 32. Rh3 Rxe2 33. Qc3
Ra2 34. Kc1 Qxc3+ 35. Rxc3 Ne5 36. Kb1 Rd2 37. Rc5 Nc6 38. b5 Rd5 0-1

[Event "Sparkassen-Open A"]
[Site "Heusenstamm, Martinsee"]
[Date "2021.11.19"]
[Round "2.20"]
[White "Sieber, Fiona"]
[Black "Bardorz, Jana"]
[Result "1/2-1/2"]
[WhiteElo "2207"]
[BlackElo "1851"]
[PlyCount "87"]
[EventDate "2021.??.??"]
[WhiteTeam "SG Aufbau Elbe Magdeburg"]
[BlackTeam "TSV Rottendorf"]

1. e4 e5 2. Nf3 Nc6 3. d4 exd4 4. Nxd4 Bc5 5. Nxc6 Qf6 6. Qf3 bxc6 7. Nd2 d6 8.
Nb3 Bb6 9. a4 a5 10. Bd2 Qxf3 11. gxf3 Ne7 12. Be3 Bxe3 13. fxe3 Be6 14. Nd4
O-O 15. Rg1 Bd7 16. h4 f5 17. Bh3 c5 18. Nxf5 Nxf5 19. Bxf5 Bxf5 20. exf5 Rxf5
21. Ke2 Rb8 22. b3 Rb4 23. Rg4 Rh5 24. Rh1 Kf7 25. Kd3 g6 26. e4 c4+ 27. Kc3
cxb3 28. cxb3 Rc5+ 29. Kb2 Rd4 30. Rh2 Rd3 31. Rf4+ Ke6 32. Rc2 Rxc2+ 33. Kxc2
Re3 34. Rf8 d5 35. exd5+ Kxd5 36. Rf7 c6 37. Rxh7 Rxf3 38. Rg7 Rf4 39. Rxg6
Rxh4 40. Rg5+ Kd4 41. Rxa5 Rh2+ 42. Kd1 Kc3 43. Rc5+ Kxb3 44. Rxc6 1/2-1/2

[Event "Sparkassen-Open A"]
[Site "Heusenstamm, Martinsee"]
[Date "2021.11.19"]
[Round "2.21"]
[White "Poysti, Nathanael"]
[Black "Bahlo, Jens"]
[Result "1-0"]
[WhiteElo "2192"]
[BlackElo "1908"]
[PlyCount "99"]
[EventDate "2021.??.??"]
[WhiteTeam "Wien"]
[BlackTeam "SK Gießen"]

1. c4 Nc6 2. Nc3 e5 3. g3 Bc5 4. Bg2 a6 5. e3 d6 6. Nge2 Ba7 7. d3 h5 8. h4 Bg4
9. Nd5 Nf6 10. Qd2 Rb8 11. b3 O-O 12. Bb2 Re8 13. Rc1 Nd7 14. O-O Ne7 15. Nec3
c6 16. Nxe7+ Qxe7 17. d4 Rbd8 18. d5 Nb8 19. Ne4 f5 20. Ng5 f4 21. exf4 exf4
22. Qxf4 Rf8 23. Qe4 Qxe4 24. Nxe4 Be2 25. Bh3 Bd3 26. Be6+ Kh8 27. Ng5 Nd7 28.
Nf7+ Rxf7 29. Bxf7 Rf8 30. Bxh5 Bxf1 31. Rxf1 cxd5 32. cxd5 Kh7 33. Kg2 Nf6 34.
Bxf6 Rxf6 35. f4 Rf8 36. Bg4 Bc5 37. Kf3 Kg6 38. Re1 a5 39. h5+ Kh6 40. Re6+
Kh7 41. Ke4 a4 42. Bf5+ Kg8 43. h6 gxh6 44. Rxh6 axb3 45. axb3 Re8+ 46. Re6 Ra8
47. Re7 b5 48. Be6+ Kf8 49. Rb7 b4 50. f5 1-0

[Event "Sparkassen-Open A"]
[Site "Heusenstamm, Martinsee"]
[Date "2021.11.19"]
[Round "2.22"]
[White "Müdder, Rafael"]
[Black "Chandler, Patrick"]
[Result "1/2-1/2"]
[WhiteElo "1999"]
[BlackElo "2176"]
[PlyCount "136"]
[EventDate "2021.??.??"]
[WhiteTeam "SG Solingen"]
[BlackTeam "SV Oberursel"]

1. d4 Nf6 2. c4 e6 3. Nc3 Bb4 4. Qc2 c5 5. dxc5 Bxc5 6. Nf3 Nc6 7. Bf4 d5 8. e3
Qa5 9. O-O-O Bb4 10. Nb5 O-O 11. a3 Bd7 12. Kb1 Rac8 13. Bd6 Bxd6 14. Nxd6 Rb8
15. Bd3 a6 16. h3 b5 17. cxb5 axb5 18. Qc5 b4 19. Qxa5 Nxa5 20. axb4 Rxb4 21.
Ne5 Ba4 22. Rc1 Rfb8 23. Rc8+ Rxc8 24. Nxc8 Nd7 25. Nxd7 Bxd7 26. Rc1 Kf8 27.
Rc7 Bxc8 28. Rxc8+ Ke7 29. Kc2 Rb6 30. Rc7+ Kf6 31. Rc5 Nb7 32. Rc7 Nd6 33. Kc3
h6 34. f3 e5 35. Rc5 Ke6 36. b4 f5 37. b5 g5 38. Kb4 e4 39. fxe4 fxe4 40. Be2
Ke5 41. g4 Rb8 42. Rc6 Nb7 43. Rb6 d4 44. exd4+ Kxd4 45. Rxh6 Rc8 46. Rc6 Rd8
47. Rc7 Nd6 48. Rg7 Ke3 49. Bc4 Kf4 50. Kc5 e3 51. Be2 Ne4+ 52. Kc6 Nc3 53.
Rf7+ Ke5 54. Bf3 Rd6+ 55. Kc5 Na4+ 56. Kb4 Nb6 57. Rf5+ Kd4 58. Rxg5 Kd3 59.
Re5 Rd4+ 60. Kb3 Nc4 61. Rf5 Nd2+ 62. Ka3 e2 63. Bxe2+ Kxe2 64. b6 Nc4+ 65. Kb4
Nd6+ 66. Kc5 Nxf5 67. gxf5 Rf4 68. b7 Rxf5+ 1/2-1/2

[Event "Sparkassen-Open A"]
[Site "Heusenstamm, Martinsee"]
[Date "2021.11.19"]
[Round "2.23"]
[White "Heimrath, Reiner"]
[Black "van den Hoff, Damian"]
[Result "1/2-1/2"]
[WhiteElo "2169"]
[BlackElo "1879"]
[PlyCount "101"]
[EventDate "2021.??.??"]
[WhiteTeam "SC Noris-Tarrasch Nürnberg"]
[BlackTeam "VL Niederlande"]

1. e4 e5 2. d4 exd4 3. Bc4 Nf6 4. Nf3 Nc6 5. O-O Nxe4 6. Re1 d5 7. Nc3 dxc3 8.
Bxd5 Be6 9. Bxe4 Qxd1 10. Rxd1 cxb2 11. Bxb2 f6 12. a4 Bd7 13. Rab1 Bc5 14. Rd5
Bb6 15. Bc3 Ne7 16. Rxd7 Kxd7 17. Bxb7 Rab8 18. Rd1+ Ke8 19. Ba6 Bc5 20. h4 Rd8
21. Re1 Kf7 22. Bc4+ Nd5 23. Rb1 Ke6 24. g3 c6 25. Ba5 Rb8 26. Rd1 Rb2 27. Bb3
Rb8 28. Nd4+ Bxd4 29. Rxd4 R8xb3 30. cxb3 Rxb3 31. h5 g6 32. Re4+ Kd7 33. Rc4
Rb1+ 34. Kg2 Rb2 35. Kf3 f5 36. hxg6 Rb3+ 37. Ke2 hxg6 38. Rh4 c5 39. Rh7+ Ne7
40. Bd2 Ke6 41. Bg5 Nc6 42. Be3 Ra3 43. Bxc5 Rxa4 44. Rg7 Ra6 45. Be3 Ra2+ 46.
Kf1 Kf6 47. Rd7 Ke6 48. Rg7 Kf6 49. Rd7 Ke6 50. Rg7 Kf6 51. Rd7 1/2-1/2

[Event "Sparkassen-Open A"]
[Site "Heusenstamm, Martinsee"]
[Date "2021.11.19"]
[Round "2.24"]
[White "Stork, Christopher"]
[Black "Bakiev, Diyor"]
[Result "1/2-1/2"]
[WhiteElo "1959"]
[BlackElo "2107"]
[PlyCount "91"]
[EventDate "2021.??.??"]
[WhiteTeam "SV Oberursel"]
[BlackTeam "Wiesbadener SV"]

1. e4 c6 2. d4 d5 3. Nc3 dxe4 4. Nxe4 Bf5 5. Ng3 Bg6 6. h4 h6 7. Nf3 Nd7 8. h5
Bh7 9. Bd3 Bxd3 10. Qxd3 e6 11. Bd2 Ngf6 12. O-O-O Be7 13. Ne4 Nxe4 14. Qxe4
Nf6 15. Qd3 c5 16. Qb5+ Qd7 17. Qxd7+ Nxd7 18. Bc3 cxd4 19. Bxd4 Bf6 20. Rh3
Ke7 21. Bxf6+ Nxf6 22. Ne5 Rac8 23. Ra3 a6 24. Rad3 Rc5 25. f4 Rhc8 26. c3 R8c7
27. Kb1 Nxh5 28. Rd7+ Kf6 29. R7d4 Rd5 30. Ng4+ Ke7 31. Rxd5 exd5 32. Ne3 Nf6
33. Nxd5+ Nxd5 34. Rxd5 Rc4 35. g3 Re4 36. Kc2 Re2+ 37. Rd2 Rxd2+ 38. Kxd2 Ke6
39. Ke3 Kd5 40. b3 f5 41. c4+ Kc5 42. a3 b5 43. cxb5 axb5 44. a4 g5 45. fxg5
hxg5 46. axb5 1/2-1/2

[Event "Sparkassen-Open A"]
[Site "Heusenstamm, Martinsee"]
[Date "2021.11.19"]
[Round "2.25"]
[White "Hoppstädter, Daniel"]
[Black "Iliev, Mustafa Batuhan"]
[Result "0-1"]
[WhiteElo "1760"]
[BlackElo "2089"]
[PlyCount "96"]
[EventDate "2021.??.??"]
[WhiteTeam "SC Illingen"]
[BlackTeam "SV Großauheim"]

1. d4 f5 2. Bg5 g6 3. Nd2 Bg7 4. e4 fxe4 5. Nxe4 d5 6. Nc5 b6 7. Nb3 Nh6 8. c3
Nf7 9. Be3 O-O 10. Bd3 e5 11. h4 e4 12. Be2 Ba6 13. h5 Bxe2 14. Nxe2 g5 15. Ng3
h6 16. Nf5 Qd7 17. Nxg7 Kxg7 18. Qc2 Nd6 19. Nd2 Nc6 20. O-O-O a5 21. f3 Rfe8
22. Rde1 Re6 23. f4 gxf4 24. Bxf4 Rf8 25. Ref1 Kg8 26. Qd1 Qg7 27. Rh3 Nf5 28.
g4 Nd6 29. Be3 Rxf1 30. Qxf1 Rf6 31. Qg2 Nf7 32. c4 Ng5 33. Bxg5 Qxg5 34. cxd5
Nxd4 35. Kb1 Qxd5 36. a3 Nf3 37. Nxf3 Qd1+ 38. Ka2 Qd5+ 39. Ka1 Qd1+ 40. Ka2
exf3 41. Qf2 a4 42. Rg3 Qb3+ 43. Kb1 Qd3+ 44. Ka2 Qc4+ 45. Ka1 Qe2 46. Qd4 Qe1+
47. Ka2 Qe6+ 48. Kb1 f2 0-1

[Event "Sparkassen-Open A"]
[Site "Heusenstamm, Martinsee"]
[Date "2021.11.19"]
[Round "2.26"]
[White "Lesny, Florian"]
[Black "Rose, Daniel"]
[Result "1-0"]
[WhiteElo "2143"]
[BlackElo "1842"]
[PlyCount "69"]
[EventDate "2021.??.??"]
[WhiteTeam "SK Niederbrechen"]
[BlackTeam "Königsjäger Süd-West"]

1. e4 e6 2. d4 d5 3. e5 c5 4. c3 Nc6 5. Nf3 Bd7 6. Be2 f6 7. O-O fxe5 8. dxe5
Qc7 9. Bf4 Nh6 10. Re1 O-O-O 11. c4 d4 12. a3 Nf7 13. Bd3 Be7 14. h4 Rdg8 15.
Ng5 Nxg5 16. hxg5 Qd8 17. Qg4 h6 18. g6 Bg5 19. Nd2 Rf8 20. Bxg5 Qxg5 21. Qxg5
hxg5 22. Ne4 Nxe5 23. Nxc5 Ng4 24. Ne4 Kc7 25. Be2 Ne5 26. Rad1 Nxg6 27. Rxd4
e5 28. Rd2 Nf4 29. Nxg5 Rh6 30. Bf3 Rfh8 31. g3 Bg4 32. gxf4 exf4 33. Re7+ Kb6
34. Bxg4 Rh1+ 35. Kg2 1-0

[Event "Sparkassen-Open A"]
[Site "Heusenstamm, Martinsee"]
[Date "2021.11.19"]
[Round "2.27"]
[White "Stock, Jürgen"]
[Black "Pietzsch, Manuel"]
[Result "0-1"]
[WhiteElo "1874"]
[BlackElo "2137"]
[PlyCount "100"]
[EventDate "2021.??.??"]
[WhiteTeam "SC Steinbach"]
[BlackTeam "SG Leipzig"]

1. d4 Nf6 2. c3 d6 3. Bg5 Nbd7 4. f4 h6 5. Bxf6 Nxf6 6. e3 e5 7. dxe5 dxe5 8.
Qxd8+ Kxd8 9. Bc4 Bc5 10. Na3 Bf5 11. O-O-O+ Ke7 12. Nc2 Ng4 13. Rd5 Bd6 14.
fxe5 Nxe5 15. Nd4 Be4 16. Rxe5+ Bxe5 17. Ngf3 Bxf3 18. gxf3 Bxd4 19. cxd4 Rad8
20. Rg1 g5 21. Kc2 Rd6 22. Kd3 c5 23. a4 cxd4 24. exd4 Rhd8 25. Re1+ Kf6 26.
Re4 Kg6 27. d5 f5 28. Re5 Kf6 29. Kd4 R8d7 30. Bd3 f4 31. Rf5+ Ke7 32. Re5+ Kd8
33. h3 Rf6 34. Re2 Re7 35. Rc2 Kd7 36. Be4 Rf8 37. b4 Kd6 38. Rc5 h5 39. a5
Rfe8 40. a6 g4 41. axb7 Rxb7 42. Rc6+ Ke7 43. Kc5 g3 44. d6+ Kf8 45. Ra6 g2 46.
Ra1 Rxe4 47. fxe4 f3 48. Kc6 Rb6+ 49. Kc7 Rxd6 50. Kxd6 f2 0-1

[Event "Sparkassen-Open A"]
[Site "Heusenstamm, Martinsee"]
[Date "2021.11.19"]
[Round "2.28"]
[White "Eilenberg, Jonas"]
[Black "Armbrust, Matthias"]
[Result "1-0"]
[WhiteElo "2124"]
[BlackElo "1833"]
[PlyCount "83"]
[EventDate "2021.??.??"]
[WhiteTeam "Königsjäger Süd-West"]
[BlackTeam "TSG Bretzenheim"]

1. d4 g6 2. c4 Bg7 3. Nc3 d6 4. e4 e5 5. d5 f5 6. Bd3 Ne7 7. exf5 Nxf5 8. Nf3
O-O 9. O-O Nh4 10. Ng5 Na6 11. Be3 Nf5 12. Nge4 Nxe3 13. fxe3 Bh6 14. Qe2 Qh4
15. Rxf8+ Bxf8 16. g3 Qe7 17. Rf1 Bg7 18. a3 Bh3 19. Rf2 Rf8 20. b4 Nb8 21.
Rxf8+ Bxf8 22. g4 Qh4 23. Nf2 h5 24. Nxh3 Qxh3 25. Bxg6 hxg4 26. Bf5 Bh6 27.
Nd1 c6 28. Qxg4+ Qxg4+ 29. Bxg4 Kf7 30. Kf2 Ke7 31. Nc3 Nd7 32. Bxd7 Kxd7 33.
h4 Ke7 34. Kf3 Kf7 35. b5 c5 36. Ne4 Ke7 37. Ng5 Kf6 38. Kg4 Bg7 39. Ne6 Bh6
40. e4 Kg6 41. Nd8 b6 42. Nc6 1-0

[Event "Sparkassen-Open A"]
[Site "Heusenstamm, Martinsee"]
[Date "2021.11.19"]
[Round "2.29"]
[White "Scholz, Michael"]
[Black "Schupp, Tobias"]
[Result "0-1"]
[WhiteElo "1798"]
[BlackElo "2121"]
[PlyCount "78"]
[EventDate "2021.??.??"]
[WhiteTeam "SK Mömbris"]
[BlackTeam "SK Niederbrechen"]

1. e4 c5 2. Nc3 e6 3. Bc4 a6 4. d3 b5 5. Bb3 Bb7 6. Qe2 Nc6 7. Be3 Nd4 8. Qd2
Nf6 9. f3 Nxb3 10. axb3 d5 11. Bg5 Be7 12. Nh3 h6 13. Bh4 dxe4 14. fxe4 Qd7 15.
e5 Nd5 16. Bxe7 Nxe7 17. O-O-O Ng6 18. Rhe1 O-O 19. Nf4 Nxf4 20. Qxf4 Qe7 21.
h4 Rfd8 22. Re3 Rd4 23. Ne4 Bxe4 24. Rxe4 Rad8 25. Rde1 Qc7 26. Rxd4 Rxd4 27.
Re4 Qa5 28. Kb1 Qe1+ 29. Ka2 Rxe4 30. dxe4 Qe2 31. g4 Qxc2 32. h5 c4 33. bxc4
bxc4 34. g5 c3 35. Ka3 Qxb2+ 36. Ka4 Qb5+ 37. Ka3 a5 38. Qc1 Qb2+ 39. Qxb2 cxb2
0-1